[Event "94th ch-GBR"]
[Site "Great Yarmouth ENG"]
[Date "2007.08.08"]
[Round "9"]
[White "Rowson,J"]
[Black "Briscoe,C"]
[Result "1-0"]
[WhiteElo "2599"]
[BlackElo "2224"]
[EventDate "2007.07.30"]

1. d4 Nf6 2. c4 e6 3. Nc3 Bb4 4. Qc2 d5 5. cxd5 exd5 6. a3 Bxc3+ 7. bxc3 c5
8. Bg5 h6 9. Bxf6 Qxf6 10. e3 O-O 11. Nf3 c4 12. Qb2 Nc6 13. Be2 Rb8 14. a4
Re8 15. Nd2 Bf5 16. O-O Qd8 17. Bf3 Bd3 18. Rfe1 a6 19. e4 b5 20. exd5
Rxe1+ 21. Rxe1 Ne7 22. Re5 Ng6 23. Re1 Nf4 24. g3 bxa4 25. Qa3 Nh3+ 26. Kg2
Ng5 27. d6 Nxf3 28. Nxf3 Rb6 29. Qxa4 Qxd6 30. Qe8+ Kh7 31. Qxf7 Qg6 32.
Qxg6+ Bxg6 33. Ne5 Rb3 34. d5 Rb5 35. d6 Rd5 36. Nxc4 Rd3 37. Re2 Kg8 38.
Re7 Bf7 39. Rxf7 Rxc3 40. Ne5 Rc5 41. Rf8+ 1-0

[Event "94th ch-GBR"]
[Site "Great Yarmouth ENG"]
[Date "2007.08.08"]
[Round "9"]
[White "Rudd,J"]
[Black "Gormally,D"]
[Result "1-0"]
[WhiteElo "2370"]
[BlackElo "2509"]
[EventDate "2007.07.30"]

1. e4 c5 2. Nf3 d6 3. Nc3 Nf6 4. e5 dxe5 5. Nxe5 e6 6. g3 Nbd7 7. Nc4 Nb6
8. Ne5 Bd6 9. d4 O-O 10. Bg2 Nbd5 11. O-O Nxc3 12. bxc3 Nd5 13. Qd3 Bxe5
14. dxe5 Qc7 15. Re1 Bd7 16. Be4 h6 17. Qf3 Bc6 18. Qg4 Kh8 19. Qh3 Ne7 20.
Bxh6 Bxe4 21. Rxe4 Ng6 22. Bg5+ Kg8 23. Rae1 Qa5 24. Qg4 Qxc3 25. h4 Kh7
26. h5 Nh8 27. h6 g6 28. Rd1 Qxc2 29. Qf3 Qxa2 30. Rd7 1-0

[Event "94th ch-GBR"]
[Site "Great Yarmouth ENG"]
[Date "2007.08.08"]
[Round "9"]
[White "Storey,Ch"]
[Black "Ward,C"]
[Result "1-0"]
[WhiteElo "2218"]
[BlackElo "2439"]
[EventDate "2007.07.30"]

1. e4 c5 2. Nc3 Nc6 3. g3 g6 4. Bg2 Bg7 5. d3 d6 6. Be3 Nf6 7. h3 O-O 8. f4
Rb8 9. g4 d5 10. Bf2 d4 11. Nce2 Qa5+ 12. Kf1 Rd8 13. Be1 Qa6 14. Bg3 Bxg4
15. hxg4 Nxg4 16. Bf2 c4 17. Nc1 Ne3+ 18. Bxe3 dxe3 19. e5 Nd4 20. Be4 f5
21. Bf3 Rbc8 22. Be2 cxd3 23. Nxd3 Qc6 24. Nf3 Nxe2 25. Kxe2 h6 26. Rg1 Kh7
27. Rc1 Qe4 28. Rg3 Rc6 29. c3 Rc7 30. Rh3 Kh8 31. Rg3 Rcd7 32. Nd4 g5 33.
Qh1 Rxd4 34. cxd4 Qxd4 35. Rc3 gxf4 36. Rf3 Qe4 37. Qh4 Bxe5 38. Qxe7 Rg8
39. Qxe5+ Qxe5 40. Nxe5 Rg2+ 1-0

[Event "94th ch-GBR"]
[Site "Great Yarmouth ENG"]
[Date "2007.08.08"]
[Round "9"]
[White "Bellin,R"]
[Black "Arakhamia,K"]
[Result "1/2-1/2"]
[WhiteElo "2403"]
[BlackElo "2418"]
[EventDate "2007.07.30"]

1. e4 c5 2. Nf3 e6 3. d4 cxd4 4. Nxd4 Nc6 5. Nxc6 bxc6 6. Bd3 d5 7. O-O Nf6
8. Nd2 Be7 9. Qe2 O-O 10. c4 Bb7 11. Rd1 Qc7 12. b3 Bd6 13. h3 c5 14. Re1
Bh2+ 15. Kh1 Be5 16. Rb1 dxe4 17. Nxe4 Rad8 18. Nxf6+ Bxf6 19. Be4 Bxe4 20.
Qxe4 Qa5 21. Be3 Bd4 22. Re2 Qb6 23. Qc2 e5 24. Rbe1 f6 25. Rd2 Rfe8 26.
Rde2 Qa5 27. Bd2 Qb6 28. f4 Qc6 29. f5 Rd7 30. Kh2 Qc7 31. Re4 Red8 32.
R1e2 Rd6 33. g4 h6 34. Qc1 R8d7 35. Qe1 Ra6 36. Bc1 Qd8 37. Qg3 Rad6 38. h4
Ba1 39. Be3 Rd3 40. Qg2 Bd4 41. Bc1 Rd1 42. Re1 Bc3 43. Rxd1 Rxd1 44. Be3
Qd3 45. g5 hxg5 46. hxg5 fxg5 47. f6 gxf6 48. Rh4 Kg7 49. Rh3 Qf5 50. Qb7+
Rd7 51. Qa8 Qc2+ 52. Kg3 Be1+ 53. Kg4 Qe2+ 54. Kf5 Qf1+ 55. Rf3 Qd3+ 56.
Kg4 Qd1 57. Bxg5 Rd4+ 58. Kh5 fxg5 59. Qf8+ Kh7 60. Qh6+ Kg8 61. Qxg5+ Kh7
62. Qg6+ 1/2-1/2

[Event "94th ch-GBR"]
[Site "Great Yarmouth ENG"]
[Date "2007.08.08"]
[Round "9"]
[White "Rendle,T"]
[Black "Mason,D"]
[Result "1/2-1/2"]
[WhiteElo "2416"]
[BlackElo "2251"]
[EventDate "2007.07.30"]

1. e4 c5 2. Nc3 a6 3. f4 b5 4. d4 cxd4 5. Qxd4 e6 6. Nf3 Bb7 7. Bd3 Nc6 8.
Qf2 Nb4 9. Be3 Nxd3+ 10. cxd3 Nf6 11. h3 d5 12. e5 Nd7 13. O-O Be7 14. Ne2
g6 15. Ned4 Nc5 16. Rad1 Rc8 17. a3 Qd7 18. b4 Na4 19. Nb3 d4 20. Bxd4 O-O
21. Nbd2 Rc2 1/2-1/2

[Event "94th ch-GBR"]
[Site "Great Yarmouth ENG"]
[Date "2007.08.08"]
[Round "9"]
[White "Fowler,S"]
[Black "Ciuksyte,D"]
[Result "1/2-1/2"]
[WhiteElo "2204"]
[BlackElo "2426"]
[EventDate "2007.07.30"]

1. d4 Nf6 2. Nf3 e6 3. e3 c5 4. c4 cxd4 5. exd4 d5 6. Nc3 Nc6 7. cxd5 Nxd5
8. Bd3 Bb4 9. Bd2 O-O 10. O-O Nf6 11. a3 Be7 12. Bg5 b6 13. Re1 Bb7 14. Bc2
Rc8 15. Qd3 g6 16. Bh6 Re8 17. Rad1 Nd5 18. Nxd5 Qxd5 19. Bb3 Qh5 20. Qe3
Na5 21. Bxe6 Bf6 22. g4 Qb5 23. Qf4 fxe6 24. Qxf6 Qd7 25. Ne5 Qe7 26. Qf4
Nc4 27. Nxc4 Rxc4 28. Qe5 Rc7 29. Bg5 Qf7 30. d5 Rc4 31. h3 Rc5 32. Be3
Rxd5 33. Rxd5 exd5 34. Qd4 Re4 35. Qc3 h5 36. Bd4 hxg4 37. Rxe4 dxe4 38.
hxg4 Qd7 39. Qb3+ Kf8 40. Qd1 Qd5 41. Qd2 e3 42. fxe3 Qh1+ 43. Kf2 Qg2+ 44.
Ke1 Qg1+ 45. Ke2 Qxg4+ 46. Ke1 Qg1+ 47. Ke2 Qg2+ 48. Kd1 Qf1+ 49. Kc2 Be4+
50. Kc3 g5 51. Be5 Qf5 52. Qd8+ Kf7 53. Qc7+ Kg6 54. a4 Kh5 55. a5 Bc2 56.
Kb4 g4 57. axb6 axb6 58. Qg7 Qe4+ 59. Kb5 Qxe3 60. Qh8+ Qh6 1/2-1/2

[Event "94th ch-GBR"]
[Site "Great Yarmouth ENG"]
[Date "2007.08.08"]
[Round "9"]
[White "Anderton,M"]
[Black "Sowray,P"]
[Result "1/2-1/2"]
[WhiteElo "2229"]
[BlackElo "2352"]
[EventDate "2007.07.30"]

1. e4 e5 2. Nf3 Nc6 3. Bb5 a6 4. Ba4 Nf6 5. O-O Be7 6. Re1 b5 7. Bb3 d6 8.
c3 O-O 9. h3 Na5 10. Bc2 c5 11. d4 Qc7 12. Nbd2 Bd7 13. Nf1 Nc4 14. Ne3
Nxe3 15. Bxe3 Rfe8 16. Bg5 h6 17. Bh4 Nh5 18. Bxe7 Rxe7 19. Nxe5 dxe5 20.
Qxh5 cxd4 21. Bb3 dxc3 22. Rac1 b4 23. bxc3 bxc3 24. Re3 Rc8 25. Qf3 Qb7
26. Rexc3 Rxc3 27. Rxc3 Bc6 28. Qf5 Bd7 29. Qf3 Be6 30. Bxe6 Rxe6 31. Qd3
Kh7 32. Kh2 Rb6 33. Qc2 Rf6 34. Rc5 Qb4 35. f3 Qd4 36. Rd5 Qe3 37. Qd2 Qxd2
1/2-1/2

[Event "94th ch-GBR"]
[Site "Great Yarmouth ENG"]
[Date "2007.08.08"]
[Round "9"]
[White "Constantinou,P"]
[Black "Lewis,An"]
[Result "0-1"]
[WhiteElo "2173"]
[BlackElo "2284"]
[EventDate "2007.07.30"]

1. d4 Nf6 2. Bf4 d6 3. Nf3 g6 4. e3 Bg7 5. h3 O-O 6. Be2 Nbd7 7. O-O c6 8.
c4 a6 9. Nc3 b5 10. b4 Nb6 11. cxb5 axb5 12. Qc2 Bd7 13. e4 Ra3 14. Bc1 Ra7
15. Be3 Qb8 16. Nd2 Rc8 17. a4 bxa4 18. Nxa4 Rxa4 19. Rxa4 c5 20. Ra6 cxd4
21. Qd3 dxe3 22. Qxe3 Na4 23. Qb3 Nc3 24. Bc4 Bb5 25. Ra5 Bxc4 26. Nxc4
Nfxe4 27. Re1 e6 0-1

[Event "94th ch-GBR"]
[Site "Great Yarmouth ENG"]
[Date "2007.08.08"]
[Round "9"]
[White "Oswald,G"]
[Black "Snape,I"]
[Result "1/2-1/2"]
[WhiteElo "2147"]
[BlackElo "2255"]
[EventDate "2007.07.30"]

1. g3 g6 2. Bg2 Bg7 3. c4 Nf6 4. Nc3 O-O 5. e4 c5 6. Nge2 Nc6 7. O-O d6 8.
a3 a6 9. Rb1 Be6 10. d3 Rb8 11. h3 b5 12. cxb5 axb5 13. Nd5 Bd7 14. Nxf6+
Bxf6 15. f4 b4 16. a4 b3 17. g4 Nd4 18. Nc3 Nc2 19. Qe2 Bd4+ 20. Kh1 f5 21.
exf5 gxf5 22. g5 e6 23. Nb5 Qe7 24. Bd5 Ne3 25. Bxe3 exd5 26. Rbe1 Bxe3 27.
Qxe3 Qxe3 28. Rxe3 d4 29. Re7 Bxb5 30. axb5 Rxb5 31. Rd7 Rb6 32. Re1 Rf7
33. Re8+ Kg7 34. Rdd8 Ra7 35. Kg2 Rbb7 36. Rxd6 Re7 37. Re6 Rxe8 38. Rxe8
Ra2 39. Re2 Kf7 40. Kf3 Kg7 41. h4 h5 42. Re7+ Kg6 43. Re6+ Kg7 44. Re7+
Kg6 45. Re6+ Kg7 1/2-1/2

[Event "94th ch-GBR"]
[Site "Great Yarmouth ENG"]
[Date "2007.08.08"]
[Round "9"]
[White "Hanley,Ja"]
[Black "Knott,S"]
[Result "0-1"]
[WhiteElo "2213"]
[BlackElo "2374"]
[EventDate "2007.07.30"]

1. e4 e6 2. d4 d5 3. Nd2 c5 4. Ngf3 cxd4 5. exd5 Qxd5 6. Bc4 Qd6 7. O-O Nf6
8. Nb3 Nc6 9. Nbxd4 Nxd4 10. Nxd4 a6 11. Re1 Qc7 12. Qe2 Bd6 13. Bg5 O-O
14. Rad1 Ne4 15. Qxe4 Qxc4 16. Re3 e5 17. b3 f5 18. Qh4 Qc7 19. Rh3 h6 20.
Bxh6 f4 21. Rhd3 exd4 22. Rxd4 Be5 23. Rc4 Qf7 24. Rc5 Bf6 25. Bg5 Qe7 26.
Rcd5 Be6 27. Bxf6 Qxf6 28. Qxf6 Rxf6 29. Rd6 Raf8 30. Rb6 Bg4 31. Rxf6 Rxf6
32. Rd8+ Rf8 33. Rd4 g5 34. f3 Be6 35. Kf2 Kg7 36. c3 Rh8 37. Rd6 Kf7 38.
h3 Ke7 39. Rb6 Bd5 40. Rg6 Rg8 41. Rb6 Bc6 42. Rb4 Rd8 43. h4 Rd2+ 44. Kg1
g4 45. Rxf4 g3 46. Kf1 Rf2+ 47. Kg1 Rxa2 48. Kf1 Rf2+ 49. Kg1 Rc2 0-1

[Event "94th ch-GBR"]
[Site "Great Yarmouth ENG"]
[Date "2007.08.08"]
[Round "9"]
[White "Lalic,S"]
[Black "White,Mi"]
[Result "0-1"]
[WhiteElo "2350"]
[BlackElo "2246"]
[EventDate "2007.07.30"]

1. e4 e5 2. Nf3 Nc6 3. d4 exd4 4. Nxd4 Nf6 5. Nxc6 bxc6 6. e5 Qe7 7. Qe2
Nd5 8. c4 Ba6 9. b3 Qh4 10. a3 Bc5 11. g3 Bxf2+ 12. Qxf2 Qe4+ 13. Kd1 Qxh1
14. Nd2 f5 15. Kc2 f4 16. gxf4 Nxf4 17. Qxf4 Rf8 18. Qd4 Rxf1 19. Nxf1 Qxf1
20. Bd2 Qf5+ 21. Kb2 O-O-O 22. Rg1 c5 23. Qe3 g6 24. Rg5 Qf8 25. Rg2 Qe7
26. Qc3 Re8 27. Bf4 Bb7 28. Rd2 g5 29. Bg3 h5 30. h3 h4 31. Bh2 Rf8 32. e6
Qxe6 33. Qa5 Qb6 34. Qc3 Be4 35. Qe5 Qf6 36. Re2 Qxe5+ 37. Bxe5 Bf3 38. Rf2
Rf5 39. Bh2 d6 40. Kc3 Bg4 41. Rxf5 Bxf5 42. Bg1 a5 43. Be3 g4 44. hxg4
Bxg4 45. Bf4 Bd1 46. b4 cxb4+ 47. axb4 a4 48. Kb2 h3 49. Ka3 Bb3 50. Bh2
Kd7 51. b5 Bxc4 52. Kxa4 Ke6 53. Kb4 Bxb5 54. Kxb5 Kd5 55. Kb4 Ke4 0-1

[Event "94th ch-GBR"]
[Site "Great Yarmouth ENG"]
[Date "2007.08.08"]
[Round "9"]
[White "James,R"]
[Black "Eggleston,D"]
[Result "0-1"]
[WhiteElo "2238"]
[BlackElo "2330"]
[EventDate "2007.07.30"]

1. Nf3 Nf6 2. d4 e6 3. c4 b6 4. e3 Bb7 5. Bd3 d5 6. O-O Bd6 7. Nc3 O-O 8.
b3 Nbd7 9. Bb2 a6 10. Rc1 Ne4 11. Ne2 Qe7 12. Ng3 f5 13. Ne5 Bxe5 14. dxe5
c5 15. Bxe4 dxe4 16. Rc2 Rad8 17. Rd2 b5 18. Rd6 Nb6 19. Bc3 Nc8 20. Nh5
Nxd6 21. exd6 Rxd6 22. Qa1 Rf7 23. cxb5 axb5 24. b4 c4 25. a4 bxa4 26. b5
Rd3 27. Rc1 a3 28. h3 Rd5 29. Be5 Rc5 30. b6 Rc6 31. Rc3 Rxb6 32. Rxa3 Rb1+
33. Qxb1 Qxa3 34. Qb6 Qe7 35. Qd4 Bd5 36. Qb6 h6 37. Nf4 Qe8 38. Bc3 Rd7
39. h4 Qd8 40. Qc5 Qxh4 41. Ng6 Qd8 42. Ne5 Rb7 43. g3 Qe8 44. Bb4 Kh7 45.
Qd6 Qb8 0-1

[Event "94th ch-GBR"]
[Site "Great Yarmouth ENG"]
[Date "2007.08.08"]
[Round "9"]
[White "Wu,L"]
[Black "Bonafont,P"]
[Result "1/2-1/2"]
[WhiteElo "2314"]
[BlackElo "2098"]
[EventDate "2007.07.30"]

1. Nf3 c5 2. g3 Nc6 3. Bg2 g6 4. O-O Bg7 5. c4 e5 6. Nc3 d6 7. a3 a5 8. Ne1
Nge7 9. d3 O-O 10. Nc2 Be6 11. Ne3 Qd7 12. Ned5 Rab8 13. Rb1 Bh3 14. Bh6
Bxg2 15. Kxg2 f5 16. Bxg7 Kxg7 17. Qa4 Nxd5 18. Nxd5 b5 19. cxb5 Nd4 20.
Qxa5 Nxb5 21. f3 Qb7 22. e4 Nd4 23. Qd2 fxe4 24. fxe4 Rxf1 25. Kxf1 Rf8+
26. Kg2 Qf7 1/2-1/2

[Event "94th ch-GBR"]
[Site "Great Yarmouth ENG"]
[Date "2007.08.08"]
[Round "9"]
[White "Posazhennikov,A"]
[Black "Hodgson,Jo"]
[Result "1-0"]
[WhiteElo "2247"]
[BlackElo "2227"]
[EventDate "2007.07.30"]

1. d4 Nf6 2. c4 g6 3. Nf3 Bg7 4. Bf4 O-O 5. e3 c5 6. Be2 cxd4 7. exd4 d5 8.
c5 Nc6 9. O-O Bg4 10. h3 Bxf3 11. Bxf3 Ne4 12. Bxe4 dxe4 13. d5 Bxb2 14.
dxc6 Qxd1 15. Rxd1 bxc6 16. Nd2 Bxa1 17. Rxa1 Rfd8 18. Re1 Rd4 19. Nb3 Ra4
20. Rd1 Kf8 21. Rd7 Rc8 22. Nc1 a5 23. Ra7 Ra3 24. Kf1 f6 25. Ke2 Rc3 26.
Rxa5 Rc2+ 27. Ke1 Kf7 28. Be3 f5 29. Ra7 Ke6 30. Nb3 Kd5 31. Kd1 Rb2 32.
Rxe7 Rxa2 33. Rxh7 Rb8 34. Nd2 Rd8 35. Rg7 f4 36. Bxf4 Kxc5 37. Rxg6 Kb5
38. Rg5+ Kb4 39. Be3 c5 40. Bxc5+ Kc3 41. Be3 Kd3 42. Rb5 Ra1+ 43. Rb1 Rda8
44. Kc1 Rc8+ 45. Kd1 Rca8 46. Rc1 Rxc1+ 47. Kxc1 Ra1+ 48. Kb2 Rh1 49. Kb3
Rh2 50. g4 Rxh3 51. Nc4 Rh8 52. Ne5+ Ke2 53. Kc4 1-0

[Event "94th ch-GBR"]
[Site "Great Yarmouth ENG"]
[Date "2007.08.08"]
[Round "9"]
[White "Stokes,I"]
[Black "Walker,Mart"]
[Result "1/2-1/2"]
[WhiteElo "2055"]
[BlackElo "2262"]
[EventDate "2007.07.30"]

1. e4 e5 2. Nf3 Nc6 3. d4 exd4 4. Bc4 Nf6 5. e5 d5 6. Bb5 Ne4 7. Nxd4 Bd7
8. Bxc6 bxc6 9. O-O Be7 10. f3 Nc5 11. f4 O-O 12. Be3 f6 13. Nf3 fxe5 14.
Nxe5 Bd6 15. Nxd7 Qxd7 16. Nd2 Rae8 17. Rf3 Na4 18. Bxa7 Nxb2 19. Qb1 Bxf4
20. Rxf4 Rxf4 21. Qxb2 Re2 22. Rf1 Rf8 23. Rxf8+ Kxf8 24. Qb4+ Kg8 25. Nf3
h6 26. Qc3 Qf5 27. Qd3 Qe4 28. Qxe4 dxe4 29. Nd4 Rd2 30. a4 Rd1+ 31. Kf2
Ra1 32. Bb8 Rxa4 33. Ke3 Rc4 34. Bxc7 c5 35. Ne6 Rxc2 36. Kxe4 Kf7 37. Nd8+
Ke7 38. Nb7 c4 39. Kd4 Rxg2 40. Bd6+ Kd7 41. Bg3 h5 42. Nc5+ Kc6 43. Ne4 g6
44. Kxc4 h4 45. Bb8 g5 46. Kd4 g4 47. Ke3 g3 48. Nxg3 hxg3 49. hxg3 Kd5 50.
Kf3 Rb2 51. Bf4 Rb3+ 52. Kg4 Ke4 53. Kg5 Rb7 54. Kf6 Rb6+ 55. Kg5 Rc6 56.
Bb8 Ra6 57. Bf4 Rb6 58. Bc1 Rd6 59. Bf4 Rc6 60. Bb8 Rc5+ 61. Kf6 Rb5 62.
Bf4 Rb6+ 63. Kg5 1/2-1/2

[Event "94th ch-GBR"]
[Site "Great Yarmouth ENG"]
[Date "2007.08.08"]
[Round "9"]
[White "Barrett,S"]
[Black "Griffiths,R"]
[Result "1-0"]
[WhiteElo "2219"]
[BlackElo "2046"]
[EventDate "2007.07.30"]

1. d4 Nf6 2. c4 e6 3. Nc3 Bb4 4. Qc2 c5 5. dxc5 Na6 6. a3 Bxc3+ 7. Qxc3
Nxc5 8. b4 Nce4 9. Qc2 d5 10. e3 dxc4 11. Bxc4 Bd7 12. Nf3 Rc8 13. Qb3 Qc7
14. Be2 Nc3 15. Bd3 Qd6 16. Bc2 Ba4 17. Qb2 Bxc2 18. Qxc2 O-O 19. O-O Rfd8
20. Bb2 Nce4 21. Qa4 a6 22. Rfd1 Nd5 23. b5 Qb6 24. Qxe4 1-0

[Event "94th ch-GBR"]
[Site "Great Yarmouth ENG"]
[Date "2007.08.08"]
[Round "9"]
[White "Wise,D"]
[Black "De Coverly,R"]
[Result "1-0"]
[WhiteElo "2189"]
[BlackElo "2086"]
[EventDate "2007.07.30"]

1. e4 e5 2. Nf3 Nc6 3. Bb5 a6 4. Ba4 Nf6 5. Qe2 Qe7 6. c3 d6 7. O-O Bd7 8.
Re1 g6 9. d3 Bg7 10. Nbd2 O-O 11. Bb3 Na5 12. Bc2 c5 13. Nf1 Nh5 14. Bg5 f6
15. Be3 f5 16. exf5 Bxf5 17. h3 Qd7 18. N1h2 Nf4 19. Bxf4 exf4 20. Qd2 d5
21. Ne5 Qc7 22. Nef3 Kh8 23. Bd1 Nc6 24. Rc1 Qd6 25. Be2 b5 26. Bf1 Rab8
27. d4 c4 28. Rcd1 b4 29. Ne5 bxc3 30. bxc3 Nxe5 31. dxe5 Bxe5 32. Bxc4
dxc4 33. Qxd6 Bxd6 34. Rxd6 Rfe8 35. Rxe8+ Rxe8 36. Nf3 a5 37. Ra6 Re2 38.
Rxa5 Rc2 39. Ra3 Rc1+ 40. Kh2 Bd3 41. Nd4 h6 42. g3 g5 43. gxf4 gxf4 44.
Ne6 f3 45. Kg3 Re1 46. Nd4 Be2 47. Nxf3 Bxf3 48. Kxf3 Rh1 49. Ke4 Rxh3 50.
Kd5 Rf3 51. Kxc4 Rxf2 52. Kd5 Rf3 53. Rb3 Kg7 54. c4 Rf5+ 55. Kd6 Rf6+ 56.
Kc7 h5 57. c5 Kf7 58. c6 Ke6 59. Rd3 Rf2 60. a3 h4 61. Kc8 Ke7 62. c7 Rf1
63. Rb3 Rf8+ 64. Kb7 Kd7 65. c8=Q+ Rxc8 66. Rd3+ 1-0

[Event "94th ch-GBR"]
[Site "Great Yarmouth ENG"]
[Date "2007.08.08"]
[Round "9"]
[White "Chapman,T"]
[Black "Makepeace,P"]
[Result "1-0"]
[WhiteElo "2200"]
[BlackElo "1978"]
[EventDate "2007.07.30"]

1. Nf3 Nf6 2. c4 d6 3. Nc3 g6 4. g3 Bg7 5. Bg2 O-O 6. O-O c6 7. d3 a5 8. a3
Nbd7 9. Bd2 Qc7 10. Qc2 Ne5 11. Ne1 Be6 12. f4 Neg4 13. e3 Qb6 14. Nd1 d5
15. c5 Qc7 16. h3 Nh6 17. g4 Ne8 18. Nf3 f5 19. g5 Nf7 20. Bc3 b6 21. cxb6
Qxb6 22. Rc1 Bxc3 23. Qxc3 Bd7 24. Rf2 Ned6 25. Qd4 Qb8 26. Nc3 Nb5 27.
Nxb5 Qxb5 28. Rc5 Qa6 29. Bf1 Rfb8 30. Ne5 Be8 31. Nxf7 Bxf7 32. Rfc2 Be8
33. h4 Rb5 34. Rxb5 Qxb5 35. Qe5 Qb3 36. Rg2 Qb7 37. h5 gxh5 38. Qe6+ Bf7
39. Qxf5 Qc8 40. Qe5 Qe6 41. Qxe6 Bxe6 42. Rc2 Bd7 43. Kh2 Kg7 44. Bh3 e6
45. Kg3 Rb8 46. Rc5 Ra8 47. Kh4 Kg6 48. Bf1 h6 49. Be2 hxg5+ 50. fxg5 Kf5
51. Rc1 Be8 52. Rf1+ Kg6 53. Rf6+ Kg7 54. Rxe6 Bf7 55. Rxc6 Re8 56. Bxh5
Bxh5 57. Kxh5 Rxe3 58. Rc7+ Kf8 59. Ra7 Rxd3 60. Rxa5 Kf7 61. Rb5 Rd1 62.
Rb6 d4 63. g6+ Kf8 64. Kg4 d3 65. Kf3 Re1 66. Rd6 Rb1 67. Rxd3 Rxb2 68. Kf4
Rb6 69. Rg3 Kg7 70. Ke5 Rb1 71. Kd5 Rc1 72. a4 Ra1 73. Rg4 Rc1 74. Kd6 Rc2
75. a5 Ra2 76. Rg5 Rc2 77. Rc5 Rf2 78. Kc7 1-0

[Event "94th ch-GBR"]
[Site "Great Yarmouth ENG"]
[Date "2007.08.08"]
[Round "9"]
[White "Foord,D"]
[Black "Adams,D"]
[Result "0-1"]
[WhiteElo "1950"]
[BlackElo "2234"]
[EventDate "2007.07.30"]

1. f4 Nf6 2. Nf3 d5 3. e3 g6 4. Be2 Bg7 5. O-O O-O 6. a4 c6 7. d3 Nbd7 8.
Nc3 Qc7 9. e4 dxe4 10. dxe4 e5 11. f5 Nc5 12. Nd2 Qd6 13. fxg6 fxg6 14. Bf3
Be6 15. Qe2 Rad8 16. Kh1 Bf7 17. Nc4 Qd4 18. Na5 Qb4 19. Bd2 Qxa5 20. Nd5
Qa6 0-1

[Event "94th ch-GBR"]
[Site "Great Yarmouth ENG"]
[Date "2007.08.08"]
[Round "9"]
[White "Roberson,P"]
[Black "Jain,A2"]
[Result "1-0"]
[WhiteElo "2209"]
[BlackElo "2002"]
[EventDate "2007.07.30"]

1. e4 c5 2. Nc3 e6 3. f4 d5 4. Nf3 d4 5. Bb5+ Nd7 6. Ne2 a6 7. Bxd7+ Qxd7
8. d3 Nf6 9. O-O g6 10. Qe1 Bg7 11. Qh4 O-O 12. g4 h5 13. h3 hxg4 14. hxg4
Nh7 15. Rf2 f5 16. Rh2 Bf6 17. g5 Bh8 18. Bd2 b5 19. Ng3 Bb7 20. Re1 Rae8
21. Kf2 Re7 22. Qh6 Rg7 23. Ne5 Qe8 24. Reh1 fxe4 25. Nxe4 Bxe4 26. dxe4 b4
27. Ng4 Qd8 28. e5 Kf7 29. Nf6 Nxf6 30. gxf6 Rgg8 31. Qh7+ Ke8 32. f7+ 1-0

[Event "94th ch-GBR"]
[Site "Great Yarmouth ENG"]
[Date "2007.08.08"]
[Round "9"]
[White "McEwan,K"]
[Black "Armstrong,M"]
[Result "1/2-1/2"]
[WhiteElo "2170"]
[BlackElo "2126"]
[EventDate "2007.07.30"]

1. e4 e6 2. d4 d5 3. Nd2 Nf6 4. e5 Nfd7 5. Bd3 c5 6. c3 Nc6 7. Ne2 cxd4 8.
cxd4 f6 9. exf6 Nxf6 10. Nf3 Bd6 11. O-O O-O 12. a3 Qc7 13. Ng3 e5 14. dxe5
Nxe5 15. Be2 Bg4 16. Nd4 Bxe2 17. Qxe2 Qc4 18. Ndf5 Qxe2 19. Nxe2 Bc5 20.
b4 Bb6 21. Be3 Bxe3 22. Nxe3 1/2-1/2

[Event "94th ch-GBR"]
[Site "Great Yarmouth ENG"]
[Date "2007.08.08"]
[Round "9"]
[White "Tippleston,C"]
[Black "White,E"]
[Result "1-0"]
[WhiteElo "2178"]
[BlackElo "1969"]
[EventDate "2007.07.30"]

1. e4 e5 2. Nf3 Nc6 3. Bb5 a6 4. Bxc6 dxc6 5. O-O Bg4 6. h3 h5 7. d3 Qf6 8.
Nbd2 Ne7 9. Re1 Ng6 10. d4 Nf4 11. dxe5 Qg6 12. Nh4 Bxd1 13. Nxg6 Nxg6 14.
Rxd1 Rd8 15. Re1 Nxe5 16. Kf1 f6 17. Ke2 g5 18. Nf3 Nxf3 19. Kxf3 Bb4 20.
c3 Bd6 21. Be3 Be5 22. Rad1 Kf7 23. Rxd8 Rxd8 24. Ke2 b6 25. f3 h4 26. Rd1
Rxd1 27. Kxd1 c5 28. Ke2 Bg3 29. Kd3 Ke6 30. Kc4 Bd6 31. a4 c6 32. Kb3 Be7
33. c4 Bd6 34. Kc2 b5 35. b3 bxa4 36. bxa4 Be7 37. f4 f5 38. Kd3 g4 39.
hxg4 fxg4 40. Bf2 g3 41. Bg1 Bf8 42. Ke2 Kf6 43. Kf3 Be7 44. Kg4 Ke6 45.
Be3 Kf7 46. Bd2 Ke6 47. Bc3 Kf7 48. e5 Ke8 49. Bd2 Kd8 50. f5 Kd7 51. Bf4
Bd8 52. f6 Ke6 53. Kxh4 Kf5 54. Kxg3 Ke4 55. Kg4 Kd4 56. Kf5 Kxc4 57. e6
1-0

[Event "94th ch-GBR"]
[Site "Great Yarmouth ENG"]
[Date "2007.08.08"]
[Round "9"]
[White "Smith,G"]
[Black "Van Kemenade,R"]
[Result "1-0"]
[WhiteElo "2129"]
[BlackElo "2032"]
[EventDate "2007.07.30"]

1. e4 e5 2. f4 Qf6 3. Nc3 Qxf4 4. Nf3 Bb4 5. Bc4 Bxc3 6. O-O f6 7. dxc3 Qg4
8. Bf7+ Kd8 9. h3 Qg3 10. Bxg8 Rxg8 11. Qd5 Re8 12. Bd2 d6 13. Be1 Qg6 14.
Nh4 Qg5 15. Nf5 Nc6 16. Bh4 Qg6 17. Nxg7 Qxg7 18. Bxf6+ Ne7 19. Bxg7 Nxd5
20. exd5 Rg8 21. Rf7 Bd7 22. Raf1 Bb5 23. c4 Be8 24. Bf6+ Kc8 25. Rxh7 Bg6
26. Rg7 Rxg7 27. Bxg7 Kd7 28. Rf6 Bh5 29. g4 Rg8 30. Bh6 Rg6 31. Rf7+ Kd8
32. Rf8+ Ke7 33. Rh8 Bxg4 34. hxg4 Rxg4+ 35. Kf2 Rxc4 36. c3 Rc5 37. Rh7+
Kf6 38. Be3 Rxd5 39. Rxc7 Rb5 40. b4 e4 41. Bxa7 Rf5+ 42. Ke3 b5 43. Bd4+
Ke6 44. Kxe4 Rh5 45. Kd3 Kd5 46. Kc2 Rh1 47. Rf7 Kc4 48. Rf4 Rh2+ 49. Bf2+
Kd5 50. Rd4+ Kc6 51. Rd2 1-0

[Event "94th ch-GBR"]
[Site "Great Yarmouth ENG"]
[Date "2007.08.08"]
[Round "9"]
[White "Grigoryan Lyell,M"]
[Black "Zhou,Y"]
[Result "0-1"]
[WhiteElo "2048"]
[BlackElo "2069"]
[EventDate "2007.07.30"]

1. e4 c5 2. f4 Nc6 3. Nc3 g6 4. Nf3 Bg7 5. Bc4 e6 6. O-O Nge7 7. e5 d5 8.
exd6 Qxd6 9. d3 b6 10. Ne4 Qc7 11. c3 Bb7 12. Neg5 O-O 13. Qe1 Nd8 14. Qh4
h6 15. Ne4 Nf5 16. Qh3 Nd6 17. Nxd6 Qxd6 18. f5 exf5 19. Bxh6 Bxf3 20. Rxf3
Nc6 21. Rg3 Ne5 22. Bxg7 Kxg7 23. Qxf5 Nxc4 24. Qe4 Ne5 25. d4 cxd4 26.
cxd4 Nd7 27. Rf1 Nf6 28. Qd3 Rad8 29. Rgf3 Nd5 30. a3 Nc7 31. Rd1 Qd5 32.
Rf4 Ne6 33. Rg4 Rh8 34. Qc3 Rc8 35. Qg3 Rc4 36. Qe3 Rc2 37. b4 Ra2 38. Rg3
Rc8 39. Rg4 f5 40. Rg3 f4 41. Qf3 Qxf3 42. Rxf3 Rcc2 43. d5 Rxg2+ 44. Kf1
Rxh2 45. Kg1 Ng5 0-1

[Event "94th ch-GBR"]
[Site "Great Yarmouth ENG"]
[Date "2007.08.08"]
[Round "9"]
[White "Wilson,A"]
[Black "Dossett,C"]
[Result "1/2-1/2"]
[WhiteElo "2066"]
[BlackElo "2001"]
[EventDate "2007.07.30"]

1. e4 c5 2. Nf3 d6 3. d4 cxd4 4. Qxd4 Bd7 5. c4 Nc6 6. Qd2 Nf6 7. Nc3 g6 8.
Be2 Bg7 9. O-O O-O 10. h3 Rc8 11. Rb1 Ne5 12. Nxe5 dxe5 13. Qe3 a6 14. Rd1
Qc7 15. b4 Rfd8 16. Bb2 e6 17. Rbc1 Ne8 18. g4 Bf8 19. c5 Rb8 20. Nb1 f6
21. Qc3 Ba4 22. Rxd8 Rxd8 23. Nd2 Bh6 24. Nc4 Bxc1 25. Bxc1 Bb5 26. g5 f5
27. exf5 exf5 28. Bb2 Qg7 29. a4 Bxa4 30. Nxe5 Bb5 31. Qb3+ Kf8 32. Bxb5
axb5 33. Nc6 Rd1+ 34. Qxd1 Qxb2 35. Nd8 Qxb4 36. Qd7 Qe1+ 37. Kg2 Qe4+ 38.
Kg1 Qe1+ 39. Kg2 Qe4+ 40. Kg1 1/2-1/2

[Event "94th ch-GBR"]
[Site "Great Yarmouth ENG"]
[Date "2007.08.09"]
[Round "10"]
[White "Aagaard,J"]
[Black "Gordon,S"]
[Result "0-1"]
[WhiteElo "2467"]
[BlackElo "2487"]
[EventDate "2007.07.30"]

1. e4 c5 2. Nf3 d6 3. d4 cxd4 4. Nxd4 Nf6 5. Nc3 a6 6. Be2 e6 7. O-O Be7 8.
f4 O-O 9. Kh1 Qc7 10. a4 Nc6 11. Be3 Bd7 12. Nb3 b6 13. Bf3 Rfe8 14. g4 Bc8
15. g5 Nd7 16. Bg2 Bb7 17. Qh5 Nb4 18. Rf2 Bf8 19. Nd4 g6 20. Qh3 Bg7 21.
f5 exf5 22. exf5 Bxg2+ 23. Kxg2 Ne5 24. Rd1 Rac8 25. f6 Bf8 26. Kg1 Nc4 27.
Bc1 d5 28. Bf4 Qb7 29. b3 Ne3 30. Re1 Rxc3 31. Rxe3 Rexe3 32. Bxe3 Nc6 33.
Ne2 Rxc2 34. Nf4 Rxf2 35. Bxf2 Nb4 36. Qc3 Qd7 37. Bxb6 Qg4+ 38. Qg3 Qd1+
39. Kg2 Bd6 40. Kh3 Qf1+ 41. Kg4 Nd3 42. Be3 d4 0-1